000 00301nam a2200145Ia 4500
100 _aSmirnov/L
650 _aElectrical Engineering
942 _cBK
654 _aCable
245 _aCable Installation
260 _bMir Publishers
_c1968
082 _a621.3
300 _a491
546 _aENGLISH
999 _c28650
_d28650